| 000 | 00745nas a2200253 4500 | ||
|---|---|---|---|
| 001 | BR9403080 | ||
| 003 | BR-BrBNA | ||
| 005 | 20231205093646.0 | ||
| 007 | ta | ||
| 008 | 230509b bl.|||p| |||| 00| 00por d | ||
| 040 |
_aBR-BrBNA _bpor _cBiblioteca Nacional de Agricultura |
||
| 041 | _a(Pt) | ||
| 072 | _aF50 | ||
| 100 | 1 | _aOliveira, E. de C. | |
| 100 | 1 | _aPereira, T.S. | |
| 245 | 1 | _aEuphorbiaceae - morfologia da germinacao de algumas especies. 1. | |
| 650 | _aEuphorbiaceae | ||
| 650 | _aSemente | ||
| 650 | _aMorfologia Vegetal | ||
| 650 | _aGerminacao | ||
| 773 | 0 |
_tRevista Brasileira de Sementes (Brazil) _xISSN 0101-3122 _g1987, v. 9(1) p. 9-29 _wBR9403080 |
|
| 909 |
_a202311 _bLúcia _c55 _dLúcia Elande |
||
| 942 |
_2AGRIS _n0 _cANA |
||
| 999 |
_c139724 _d139724 |
||